Vzťahy Latinskej Ameriky s Európskou úniou a USA na začiatku 21. storočia

Vzťahy medzi Európou a krajinami amerického svetadielu prešli v poslednom období zásadnými zmenami, ktorých výsledkom je postupný úpadok tradičného multilateralizmu, ktorý sa zakladá na transatlantickej agende, Iberoamerickom spoločenstve, interamerickom systéme, euro-latinskoamerickej spolupráci a...

Descrizione completa

Salvato in:
Dettagli Bibliografici
Autore principale: Šabo, Marián
Natura: Capitolo di libro
Lingua:slovacco
Soggetti:
Tags: Aggiungi Tag
Nessun Tag, puoi essere il primo ad aggiungerne!!

MARC

LEADER 00000nla$a2200000$$$4500
001 0149714
005 20240502072707.7
041 0 |a slo 
044 |a SK 
245 1 0 |a Vzťahy Latinskej Ameriky s Európskou úniou a USA na začiatku 21. storočia  |c Marián Šabo 
520 |a Vzťahy medzi Európou a krajinami amerického svetadielu prešli v poslednom období zásadnými zmenami, ktorých výsledkom je postupný úpadok tradičného multilateralizmu, ktorý sa zakladá na transatlantickej agende, Iberoamerickom spoločenstve, interamerickom systéme, euro-latinskoamerickej spolupráci a latinskoamerickej integrácii. Sme svedkami redistribúcie moci v prospech krajín Latinskej Ameriky a v rámci regiónu predovšetkým v prospech Brazílie, ktorá sa stáva významnou rýchlo sa rozvíjajúcou mocnosťou. Príspevok analyzuje existujúce systémy usporiadania multilaterálnych vzťahov a poukazuje na to, že ich budúci vývoj bude závisieť od interakcií v rámci strategického kvarteta Brazília, Španielsko, USA, Mexiko a od možného vzniku "transibeuroamerického" systému. 
610 2 0 |a Latinská Amerika 
610 2 0 |a Európska únia 
610 2 0 |a USA 
610 2 0 |a multilateralita 
610 2 0 |a kooperácia hospodárska medzinárodná 
610 2 0 |a integrácia ekonomická medzinárodná 
100 1 |a Šabo, Marián